=LDR 00000nam 2200000 4500 =001 INLIS000000000038613 =005 20130612144259 =008 ***********************************Ind** =035 ##$$0010-061300000038613 =041 ##$$a Ind =082 ##$$a 650.1 =090 ##$$a 650.1, Cla v =100 ##$$a Clark, Val =245 ##$$a Berani memulai dan menjalankan, Bisnis toko kado unik dan cantik, Val Clark; Penerjemah, Ria Cahyani; Editor, Sukini =260 ##$$a 2010 $b Jakarta =300 ##$$a 261 hlm, Ilus, 25 cm =650 ##$$a Bisnis =700 ##$$a Cahyani, Ria =850 ##$$a NBPNMAT